书目信息 |
| 题名: |
湖泊与水库富营养化防治的理论与实践
|
|
| 作者: | ;刘建康 译 ;联合国环境规划署国际环境技术中心 | |
| 分册: | ||
| 出版信息: | 北京 科学出版社 2003.40 |
|
| 页数: | ||
| 开本: | 32开 | |
| 丛书名: | ||
| 单 册: | ||
| 中图分类: | X524 | |
| 科图分类: | ||
| 主题词: | 水污染 , 水污染--污染防治 | |
| 电子资源: | ||
| ISBN: | 7-03-011156-7 | |
| 000 | 00814nam0 2200205 450 | |
| 001 | 0736196517 | |
| 005 | 20070924100316.51 | |
| 010 | @a7-03-011156-7@d¥12.50 | |
| 100 | @a20070924d km y0chiy0120 ea | |
| 101 | 0 | @achi |
| 200 | 1 | @a湖泊与水库富营养化防治的理论与实践@Ahu bo yu shui ku fu ying yang hua fang zhi de li lun yu shi jian@f联合国环境规划署国际环境技术中心@Flian he guo huan jing gui hua shu guo ji huan jing ji shu zhong xin@g刘建康译@Gliu jian kang yi |
| 210 | @a北京@c科学出版社@d2003.40 | |
| 215 | @d32开 | |
| 606 | 0 | @a水污染 |
| 606 | 0 | @a水污染@x污染防治 |
| 690 | @aX524@v3 | |
| 702 | 0 | @a刘建康@Aliu jian kang@4译 |
| 711 | 02 | @a联合国环境规划署国际环境技术中心@Alian he guo huan jing gui hua shu guo ji huan jing ji shu zhong xin |
| 801 | 0 | @aCN@bPFT@c20070924 |
| 905 | @a213230@dX524@eZY35@f1 | |
| 湖泊与水库富营养化防治的理论与实践/联合国环境规划署国际环境技术中心/刘建康译.-北京:科学出版社,2003.40 |
| 32开 |
| ISBN 7-03-011156-7:¥12.50 |
| ● |
| 相关链接 |
|
|
|
|
正题名:湖泊与水库富营养化防治的理论与实践
索取号:X524/ZY35
 
预约/预借
| 序号 | 登录号 | 条形码 | 馆藏地/架位号 | 状态 | 备注 |
| 1 | 7901326 | 279013265 | 密集书库-资源管理系/ [索取号:X524/ZY35] | 在馆 |